Statistics for Roman Numerals 2 Minute Sprint

Click here to take the quiz!

General Stats

  • This quiz has been taken 146 times
  • The average score is 22 of 24

Answer Stats

HintAnswer% Correct
1I
100%
-1-I
100%
2II
100%
1 + 1I + I
100%
3III
98%
10X
98%
4IV
97%
9IX
97%
5V
96%
6VI
96%
- 6- VI
96%
7VII
96%
11XI
96%
12XII
96%
13XIII
96%
20XX
96%
100C
94%
1000M
94%
8VIII
94%
500D
93%
525DXXV
90%
50L
90%
11 + 25XI +XXV
42%
20 x 9XX x IX
37%

Score Distribution

Percentile by Number Answered

Percent of People with Each Score

Your Score History

You have not taken this quiz